| 000 | 00653nam a22002057a 4500 | ||
|---|---|---|---|
| 005 | 20180320115412.0 | ||
| 010 | _aENG-122342 | ||
| 020 |
_a9789387202078 _c680.00 |
||
| 020 |
_a9387202078 _c680.00 |
||
| 035 | _aEN-105874 | ||
| 037 | _bDBAD/PUB | ||
| 082 | _a230.42 | ||
| 100 | _aVerma Ram Prakash | ||
| 245 |
_aMeditation, yoga and sadhna/ _cby Ram Prakash Verma |
||
| 260 |
_aDelhi _bPranjal book services _c2018 |
||
| 270 |
_a1/11126, 1st floor street no.-10 Subhash park, shahdara _bDelhi _e110032 |
||
| 300 |
_a176p. _c23cm.(HB) _bill. |
||
| 500 | _aIt includes bibliography and references | ||
| 942 |
_2ddc _cEN _h230.42 _mVER |
||
| 999 |
_c150419 _d150419 |
||